000 00470nmm a2200145Ia 4500
008 251105s9999||||xx |||||||||||||||||und||
020 _a9781643361864
041 _aeng
100 _aRosen, Robert N.
245 0 _aShort History of Charleston
264 _a[Washington, Estados Unidos] :
_bUniversity of South Carolina Press,
_c[Fecha de publicación no identificada]
300 _a0 pƔginas
856 _uhttps://public.digitaliapublishing.com/a/83739
942 _cCF
999 _c75307
_d75307